MARC

Tag First Indicator Second Indicator Subfields
LEADER 00000cam a22000004a 4500
001 in00003583021
005 20170928133047.0
008 010413t20022002caua b 001 0 eng
010 |a  2001002218 
015 |a GBA201511  |2 bnb 
020 |a 0761924329  |q (cloth :  |q acid-free paper) 
020 |a 9780761924326  |q (cloth :  |q acid-free paper) 
020 |a 0761924337  |q (pbk. :  |q acid-free paper) 
020 |a 9780761924333  |q (pbk. :  |q acid-free paper) 
035 |a (OCoLC)ocm46822231 
040 |a DLC  |e rda  |c DLC  |d TXA  |d UtOrBLW 
042 |a pcc 
043 |a n-us--- 
049 |a TXAM 
050 0 0 |a HV6197.U5  |b A38 2002 
082 0 0 |a 364/.089/96073  |2 21 
245 0 0 |a African American classics in criminology & criminal justice /  |c Shaun Gabbidon, Helen Taylor Greene, Vernetta D. Young, editors. 
246 3 0 |a African American classics in crimnology and criminal justice 
264 1 |a Thousand Oaks, California :  |b SAGE Publications,  |c [2002] 
264 4 |c ©2002 
300 |a xvi, 399 pages :  |b illustrations ;  |c 26 cm. 
336 |a text  |b txt  |2 rdacontent 
337 |a unmediated  |b n  |2 rdamedia 
338 |a volume  |b nc  |2 rdacarrier 
504 |a Includes bibliographical references and index. 
505 0 |a Pedagogical reconstruction: incorporating African American perspectives into the curriculum / Vernetta D. Young and Helen Taylor Greene -- Southern horrors: lynch law in all its phases / Ida B. Wells-Barnett -- The Negro criminal / W.E.B. Du Bois -- Crime among the Negroes of Chicago: a social study / Monroe N. Work -- The spawn of slavery: the convict-lease system in the south / W.E.B. Du Bois -- Negro criminality in the south / Monroe N. Work -- Rebellious youth / E. Franklin Frazier -- Community factors in Negro delinquency / Earl R. Moses -- Differentials in crime rates between Negroes and whites, based on comparisons of four socio-economically equated areas / Earl R. Moses -- Unequal justice in the state criminal justice system / A. Leon Higginbotham, Jr. -- White racism, Black crime, and American justice: an application of the colonial model to explain crime and race / Robert Staples -- Women, race, and crime / Vernetta D. Young -- Beyond anomalies: rethinking the conflict perspective on race and criminal punishment / Darnell F. Hawkins -- Devalued lives and racial stereotypes: ideological barriers to the prevention of family violence among Blacks / Darnell F. Hawkins -- Community policing: a practical guide for police officials / Lee P. Brown -- Race, ethnicity, and the spatial dynamic: toward a realistic study of black crime, crime victimization, and criminal justice processing of Blacks / Daniel E. Georges-Abeyie -- Black males and social problems: prevention through Afrocentric socialization / William Oliver -- Minority and female: a criminal justice double bind / Coramae Richey Mann -- Development of a Black criminology and the role of the Black criminologist / Katheryn K. Russell -- The code of the streets / Elijah Anderson -- The colonial model as a theoretical explanation of crime and delinquency / Becky Tatum -- Racially based jury nullification: Black power in the criminal justice system / Paul Butler -- The racial hoax as crime: the law as affirmation / Katheryn K. Russell. 
650 0 |a Crime and race  |z United States.  |0 http://id.loc.gov/authorities/subjects/sh2009122300 
650 0 |a African American criminals.  |0 http://id.loc.gov/authorities/subjects/sh85001833 
650 0 |a Discrimination in criminal justice administration  |z United States.  |0 http://id.loc.gov/authorities/subjects/sh2008102307 
650 0 |a Criminology  |z United States.  |0 http://id.loc.gov/authorities/subjects/sh2008101863 
650 0 |a African Americans  |x Social conditions.  |0 http://id.loc.gov/authorities/subjects/sh85001983 
651 0 |a United States  |x Race relations.  |0 http://id.loc.gov/authorities/subjects/sh85140494 
700 1 |a Gabbidon, Shaun L.,  |d 1967-  |0 http://id.loc.gov/authorities/names/n00085191 
700 1 |a Greene, Helen Taylor,  |d 1949-  |0 http://id.loc.gov/authorities/names/n00085190 
700 1 |a Young, Vernetta D.  |0 http://id.loc.gov/authorities/names/n2001104020 
856 4 1 |3 Table of contents  |u http://catdir.loc.gov/catdir/enhancements/fy0658/2001002218-t.html  |t 0 
856 4 2 |3 Contributor biographical information  |u http://catdir.loc.gov/catdir/enhancements/fy0734/2001002218-b.html  |t 0 
856 4 2 |3 Publisher description  |u http://catdir.loc.gov/catdir/enhancements/fy0658/2001002218-d.html  |t 0 
948 |a cataloged  |b h  |c 2015/9/2  |d c  |e dmitchel  |f 2:20:20 pm 
994 |a C0  |b TXA 
999 f f |s 6e3ae05b-75db-319a-a95e-82fb2cd8bee3  |i 0fc39693-8172-3987-b7b2-187b521a7cee  |t 0 
952 f f |p normal  |a Texas A&M University  |b College Station  |c Sterling C. Evans Library  |d Evans: Library Stacks  |t 0  |e HV6197.U5 A38 2002  |h Library of Congress classification  |i unmediated -- volume  |m A14842806821 
998 f f |a HV6197.U5 A38 2002  |t 0  |l Evans: Library Stacks